000 00819nam a2200253 i 4500
003 DO-SdBNP
005 20241009120921.0
007 ta
008 241009b2011 xxu||||| |||| 00| 0 spa d
020 _a9780615552194
040 _aDO-SdBNP
_bspa
_cBNPHU
_erda
082 4 _222
100 _4aut.
_aPrida Busto, Juan Manuel,
_d1956-
_eautor
_929467
245 1 0 _aLetra reunida cuatro en uno :
_bveinte años de prosa /
_cJuan Manuel Prida Busto
264 4 _aSanto Domingo :
_beditor no identificado,
_c2011.
300 _a536 páginas ;
_c22 cm.
336 _atexto
_btxt
_2rdacontent
337 _asin mediación
_bn
_2rdamedia
338 _avolumen
_bnc
_2rdacarrier
500 _aIncluye datos biográficos del autor en la contracubierta
590 _aInventariado, 2024/BT
910 _aBtavárez
942 _2ddc
_cLBS1
999 _c57799
_d57799